00486nam a2200145Ia 4500008004100000041000800041082001200049100001600061245004500077260004200122300003000164365000900194999001700203952012000220240624s9999 xx 000 0 und d aeng a332 GRA aGRAY JOANNA aIMPLEMENTING FINANCIAL REGULATION THEORY c2006aNew JerseybJohn Wiley and Sons axi, : 271 : p. : cm. ; 23 cb30 c16366d16366 00104070aIMTNbIMTNcRack 9-Ad2011-01-05eBBg145.00o332 GRAp16366r2024-06-24 00:00:00t47.4w2024-06-24yBK